00504nam a2200193 a 4500001001300000003000900013005001700022008004100039020001000080082001800090100001800108245006100126260002700187300000900214500003500223505001000258650002400268700001800292nice12345678IN_TiNIC20260116013959.0050524s1999 dela grp 000 0 eng  ac65000a361.763bPAT1 aPatel, Chhaya aSocial Work Practiceb Religio-Philosophical Foundations aDelhibRawat Pubc1999 a371p aincludes index and biblioraphy2 aIndex aSocial-Service-ngos1 aPatel, Chhaya